Collapse of the rural economy (Record no. 71812)

MARC details
000 -LEADER
fixed length control field 00758cam a2200193 4500
001 - CONTROL NUMBER
control field ABS66296
008 - FIXED-LENGTH DATA ELEMENTS--GENERAL INFORMATION
fixed length control field 021218n2002 000 0 eng u
035 ## - SYSTEM CONTROL NUMBER
System control number (Sirsi) u120832
100 ## - MAIN ENTRY--PERSONAL NAME
Personal name Butler, D
245 ## - TITLE STATEMENT
Title Collapse of the rural economy
260 ## - PUBLICATION, DISTRIBUTION, ETC.
Date of publication, distribution, etc. 2002
490 ## - SERIES STATEMENT
Series statement Accountancy
Volume/sequential designation 130(1312) December 2002, 72-74(3)
520 ## - SUMMARY, ETC.
Summary, etc. Looks at the problems facing the countryside and its employees. The farming economy is in a downward spiral after a series of high-profile problems, such as BSE, and foot and mouth disease. Solutions suggested include diversification, conversion to organic farming, with accompanying premiums and grants.
590 ## - LOCAL NOTE (RLIN)
Local note ABS
650 ## - SUBJECT ADDED ENTRY--TOPICAL TERM
Topical term or geographic name entry element FARMING
650 ## - SUBJECT ADDED ENTRY--TOPICAL TERM
Topical term or geographic name entry element COUNTRYSIDE
690 ## - LOCAL SUBJECT ADDED ENTRY--TOPICAL TERM (OCLC, RLIN)
Topical term or geographic name as entry element RURAL-MARKET
942 ## - ADDED ENTRY ELEMENTS (KOHA)
Suppress in OPAC 0
Holdings
Withdrawn status Lost status Source of classification or shelving scheme Damaged status Not for loan Home library Current library Shelving location Date acquired Total Checkouts Full call number Barcode Date last seen Copy number Price effective from Koha item type
    Dewey Decimal Classification     London London Journal article 18/12/2002   ABS66296 120832-1001 06/08/2019 1 06/08/2019 Journal article